| 000 | 00631nam a2200229Ia 4500 | ||
|---|---|---|---|
| 003 | OSt | ||
| 005 | 20250703113237.0 | ||
| 008 | 210423s2008 xx 000 0 und d | ||
| 020 | _a9780761968788 | ||
| 040 | _cAL | ||
| 041 | _aeng | ||
| 082 |
_a070.1 _223 _bTHUM |
||
| 100 |
_aDaya Kishan Thussu _978712 |
||
| 245 | _aNews as entertainment: the rise of global infotainment | ||
| 260 |
_aNew Delhi _bSage Publications _c2008 |
||
| 300 |
_aix,214 _bPB |
||
| 365 |
_b89 _cINR |
||
| 650 |
_aGeneral _978713 |
||
| 650 |
_aMass Media _978714 |
||
| 906 | _aentertainment: ; global ; infotainment. ; News ; rise | ||
| 942 |
_2ddc _cBK |
||
| 999 |
_c156183 _d156183 |
||